5HLuxD.jpg

KING HENRY VIII SENIOR AND PRIMARY SCHOOL LIBRARY OPAC

The battle of the Labyrinth / (Record no. 3844)

000 -LEADER
fixed length control field 01101cam a2200325 4500
001 - CONTROL NUMBER
control field 349995
003 - CONTROL NUMBER IDENTIFIER
control field OSt
005 - DATE AND TIME OF LATEST TRANSACTION
control field 20241111132215.0
008 - FIXED-LENGTH DATA ELEMENTS--GENERAL INFORMATION
fixed length control field 221003r20092008cau c 000 1 eng d
020 ## - INTERNATIONAL STANDARD BOOK NUMBER
International Standard Book Number 9781423101499 :
Qualifying information (pbk.) :
040 ## - CATALOGING SOURCE
Original cataloging agency NKUHT
Language of cataloging eng
Transcribing agency tw-NKUHT
Description conventions DDC
Modifying agency KH8
042 ## - AUTHENTICATION CODE
Authentication code nbic
082 ## - DEWEY DECIMAL CLASSIFICATION NUMBER
Classification number FIC RIO
100 1# - MAIN ENTRY--PERSONAL NAME
Personal name Riordan, Rick,
Relator term aut.
245 14 - TITLE STATEMENT
Title The battle of the Labyrinth /
Statement of responsibility, etc. Rick Riordan.
250 ## - EDITION STATEMENT
Edition statement 1st Disney Hyperion pbk. ed.
260 ## - PUBLICATION, DISTRIBUTION, ETC.
Place of publication, distribution, etc. Los Angeles :
Name of publisher, distributor, etc. Disney Hyperion,
Date of publication, distribution, etc. 2009, c2008.
300 ## - PHYSICAL DESCRIPTION
Extent 361 p. ;
Dimensions 20 cm.
490 1# - SERIES STATEMENT
Series statement Percy Jackson and the Olympians ;
Volume/sequential designation 4.
500 ## - GENERAL NOTE
General note Originally published: 2008.
500 ## - GENERAL NOTE
General note Includes excerpts from The last Olympian and The red pyramid.
650 #0 - SUBJECT ADDED ENTRY--TOPICAL TERM
Topical term or geographic name entry element Mythology, Greek
Form subdivision Juvenile fiction.
650 #0 - SUBJECT ADDED ENTRY--TOPICAL TERM
Topical term or geographic name entry element Labyrinths
Form subdivision Juvenile fiction.
650 #0 - SUBJECT ADDED ENTRY--TOPICAL TERM
Topical term or geographic name entry element Camps
Form subdivision Juvenile fiction.
650 #0 - SUBJECT ADDED ENTRY--TOPICAL TERM
Topical term or geographic name entry element Monsters
Form subdivision Juvenile fiction.
650 #0 - SUBJECT ADDED ENTRY--TOPICAL TERM
Topical term or geographic name entry element Animals, Mythical
Form subdivision Juvenile fiction.
650 #0 - SUBJECT ADDED ENTRY--TOPICAL TERM
Topical term or geographic name entry element Titans (Mythology)
Form subdivision Juvenile fiction.
800 1# - SERIES ADDED ENTRY--PERSONAL NAME
Personal name Riordan, Rick.
Title of a work Percy Jackson & the Olympians ;
Volume/sequential designation 4.
942 ## - ADDED ENTRY ELEMENTS (KOHA)
Source of classification or shelving scheme
Koha item type Books - Fiction
Holdings
Withdrawn status Lost status Source of classification or shelving scheme Damaged status Not for loan Collection code Permanent Location Current Location Shelving location Date acquired Total Checkouts Full call number Barcode Date last seen Date last checked out Price effective from Koha item type Source of acquisition Public note
          Fiction KH8 Primary School Library KH8 Primary School Library Fiction 2024-11-11 1 FIC RIO KHPL000004548 2025-12-05 2024-11-21 2024-11-11 Books - Fiction    
          Fiction KH8 Primary School Library KH8 Primary School Library Fiction 2024-11-11 3 FIC RIO KHPL000004549 2025-12-05 2025-02-04 2024-11-11 Books - Fiction    
          Non-Fiction KH8 Primary School Library KH8 Primary School Library Non Fiction 2025-08-28   FIC RIO KHPL000007677 2025-12-05   2025-08-28 Books - Fiction SOF PRIMARY LIBRARY

Powered By KH8 IT Dept